| 000 | 01077nam a2200265 i 4500 | ||
|---|---|---|---|
| 001 | 52906 | ||
| 003 | ES-MaACL | ||
| 005 | 20230906162651.0 | ||
| 007 | t| | ||
| 008 | 030910m18961903fr ||||1| fre d | ||
| 100 | 1 |
_aDelage, Yves. _943294 |
|
| 245 | 1 | 0 |
_aTraité de zoologie concréte / _cpar Yves Delage [et] Edgard Hérouard. |
| 260 |
_aParis : _bSchleicher Fréres, _c1896-1903 ( _fImpr. Paul Schmidt) |
||
| 300 |
_a5 t. en 6 v. : _bil. ; _c25 cm. |
||
| 500 | _aOriginalmente planeado para 9 v.: t. IV, VI, VII Y IX nunca publicados. | ||
| 505 | 8 | _aContiene: T. I: La cellule et les protozoaires. -- T. II: 1ª parte: Mésozogires, spongiaires. -- T. II: 2ª parte: Les coelentéres. -- T. III: Les échinodermes. -- V: Les vermidiens. -- T. VIII: Les procordés | |
| 700 | 1 |
_aHérouard, Edgar Joseph Emile. _963130 |
|
| 740 | 3 | _aLa celulle et les protozoaires. | |
| 740 | 0 | _aMésozogires, spongiaires. | |
| 740 | 4 | _aLes coelentérés. | |
| 740 | 4 | _aLes échinodermes. | |
| 740 | 4 | _aLes vermidiens. | |
| 740 | 4 | _aLes procordés. | |
| 852 |
_aES-MaACL _jD-40-48 |
||
| 999 |
_c52906 _d52906 |
||